banner-ar

كيف نفهم سلوك الاطفال / (Record no. 37742)

MARC details
000 -الفاتح
حقل البيانات ثابتة الطول 00772nam a2200229Ia 4500
008 - عناصر البيانات ثابتة الطول - معلومات عامة
حقل البيانات ثابتة الطول 140319s9999 xx 000 0 ara d
040 ## - مصدر الفهرسة
وكالة الفهرسة الأصلية GCL /
وكالة النسخ GCL
082 04 - رقم تصنيف ديوى العشرى
رقم التصنيف 372.218
رقم المادة د ك
100 1# - المدخل الرئيسى - إسم شخصى
الإسم الشخصى رشدى فام منصور(مترجم)
245 10 - بيان العنوان
العنوان كيف نفهم سلوك الاطفال /
بيان المسئوليه,etc رشدى فام منصور(مترجم)
700 1# - المدخل الاضافى - اسم شخصى
الإسم الشخصى محمد السيد روحة
700 1# - المدخل الاضافى - اسم شخصى
الإسم الشخصى دريسكول، جرترود
300 ## - الوصف المادى
التعداد 150 ص
490 ## - بيان السلسلة
عنوان السلسلة التعليم فى ضوء التجارب
رقم المجلد/ التعيين التسلسلي 0
650 04 - المدخل الاضافى بالموضوع-مصطلح موضوعى
مصطلح موضوعي رياض الاطفال
650 04 - المدخل الاضافى بالموضوع-مصطلح موضوعى
مصطلح موضوعي الفروق الفردية فى التعليم
650 04 - المدخل الاضافى بالموضوع-مصطلح موضوعى
مصطلح موضوعي التربويون
650 04 - المدخل الاضافى بالموضوع-مصطلح موضوعى
مصطلح موضوعي الاطفال الموهوبون
650 04 - المدخل الاضافى بالموضوع-مصطلح موضوعى
مصطلح موضوعي الاطفال - علم نفس
942 ## - عناصر المدخل الإضافي( كوها)
مصدر التصنيف او مخطط الترفيف Dewey Decimal Classification
Koha [default] item type كتاب
Holdings
حالة التراجع حالة الفقد حالة تلف ليس للاعارة المكان المؤقت الموقع الحالى تاريخ الاكتساب اجمالي اﻻعارات رقم الطلب الباركود تاريخ اخر مشاهدة تاريخ تفعيل السعر نوع وعاء كوها
        مكتبة القاهرة الكبرى مكتبة القاهرة الكبرى 03/26/2014   372.218\د ك 92153 03/26/2014 03/26/2014 كتاب
        مكتبة القاهرة الكبرى مكتبة القاهرة الكبرى 03/26/2014   372.218\د ك 92154 03/26/2014 03/26/2014 كتاب

Powered By

EGPV